000 00237nam a2200097Ia 4500
001 641736
005 20250826153513.0
008 250824s9999 xx 000 0 und d
245 0 _aALMARPA NIN GİZEMİ
_cKORAY AVCI ÇAKMAN
260 _bTUDEM
999 _c641736
_d641736